| 000 | 00724cam a22002411 4500 | ||
|---|---|---|---|
| 001 | ne 62001682 | ||
| 003 | DLC | ||
| 005 | 20260227111738.0 | ||
| 008 | 830621s1960 ua ab f000 0 eng | ||
| 010 | _ane 62001682 | ||
| 025 | _aPL480:UAR-287 | ||
| 035 | _a(OCoLC)9630050 | ||
| 040 |
_aDLC _cICIU _dICIU _dDLC |
||
| 042 | _apremarc | ||
| 043 | _af-ua--- | ||
| 050 | 0 | 0 |
_aHA2042 _b.A56 |
| 110 | 1 |
_aEgypt. _bWizārat al-Iqtiṣād wa-al-Tijārah. |
|
| 245 | 1 | 2 | _aA statistical portrait. |
| 260 |
_a[Cairo, _c1960?] |
||
| 300 |
_a175 p. _billus. (part col.) col. maps. _c25 cm. |
||
| 500 | _aAt head of title: United Arab Republic, Egyptian Region, Ministry of Economy. | ||
| 651 | 0 |
_aUnited Arab Republic _vStatistics. |
|
| 999 |
_c45342 _d45342 |
||